Fundamentals of Microbiology
Salvato in:
| Autore principale: | |
|---|---|
| Natura: | Libro |
| Lingua: | inglese |
| Pubblicazione: |
Filadelfia, USA
W.B.Saunders
1953
|
| Edizione: | Quinta edición |
| Soggetti: | |
| Tags: |
Aggiungi Tag
Nessun Tag, puoi essere il primo ad aggiungerne!!
|
MARC
| LEADER | 00000nam a2200000 a 4500 | ||
|---|---|---|---|
| 001 | UCS3932 | ||
| 003 | CL-VaPUC | ||
| 005 | 20250225115631.0 | ||
| 008 | 970718e19530000US |||||||||||||||||eng|d | ||
| 999 | |c 261393 |d 261391 | ||
| 040 | |c Pontificia Universidad Católica de Valparaíso | ||
| 082 | 0 | 4 | |a 576 FRO 1953 |2 21 |
| 100 | 0 | |a Frobisher, Martin |9 390105 | |
| 245 | 1 | 0 | |a Fundamentals of Microbiology |
| 250 | |a Quinta edición | ||
| 260 | 0 | 3 | |a Filadelfia, USA |b W.B.Saunders |c 1953 |
| 300 | |a 633 páginas | ||
| 583 | |a last modification |c 19970718 00:00:00 |k Rodrigo Vera | ||
| 650 | 0 | |a Microbiología |9 259706 | |
| 650 | 0 | |a Ciencias de la vida |9 314137 | |
| 650 | 0 | |a Microorganismos |9 264259 | |
| 650 | 0 | |a Bacteriología |9 259330 | |
| 650 | 0 | |a Enfermedades infecciosas |9 337719 | |
| 650 | 0 | |a Biología celular |9 341055 | |
| 942 | |c BK |2 ddc | ||
| 945 | |d 19970718 00:00:00 |a jquezada | ||